Statystyki dla Europejskie państwa na literę S

Kliknij tutaj aby rozwiązać quiz!

Ogólne statystyki

  • Ten quiz został rozwiązany 19 razy
  • Średni wynik to 6 z 6

Statystyki odpowiedzi

wskazówkaodpowiedź% Poprawnych
5.Szwajcaria
100%
6.Szwecja
100%
3.Słowacja
94%
2.Serbia
89%
4.Słowenia
89%
1.San Marino
83%

Rozkład punktacji

Percentyl według liczby udzielonych odpowiedzi

Procent ludzi z każdym wynikiem

Twoja historia wyników

Nie rozwiązałeś tego quizu